000 00443nam a2200145Ia 4500
003 OSt
005 20260114113207.0
008 211028s2012 xx 000 0 und d
040 _cAIMIT LIBRARY
041 _aeng
100 _aPinto, Sachin Andrew; Fernandes, Everil.
_g1016033
_96910
245 _aPre launch market scenario analysis with respect to cinepolis Mangalore /
260 _aMangalore
_bFernandes, Everil
_c2012
942 _2ddc
_cPRO
999 _c218480
_d218480